| Record ID | ia:sohumananimal1968dubo |
| Source | Internet Archive |
| Download MARC XML | https://archive.org/download/sohumananimal1968dubo/sohumananimal1968dubo_marc.xml |
| Download MARC binary | https://www.archive.org/download/sohumananimal1968dubo/sohumananimal1968dubo_meta.mrc |
LEADER: 00851cam 2200277 a 4500
001 0116404453890
005 19960911072926.2
008 710311s1968 nyu b 00110 eng
010 $a 68027794 //r962
035 $a(Sirsi) ACS-6468
035 00 $aG00-503$fcc$iLCMARC/ADF-4582/JMILLARD
040 $aOPET$beng
046 $aDLC$cDLC$dDLC
050 00 $aHM206$b.D87
082 00 $a301.3
090 $aHM 206 .D87 1968$bb
100 10 $aDubos, René J.$q(René Jules),$d1901-
245 10 $aSo human an animal /$cRené Dubos.
260 0 $aNew York :$bScribner,$cc1968.
300 $axiv, 267 p. ;$c24 cm.
500 $aDON204/2000
504 $aIncludes bibliographical references (p. 243-257) and index.
518 $a2000 10 26
650 0 $aHuman beings$xEffect of environment on.
650 0 $aHuman ecology.
650 0 $aTechnology and civilization.